| 000 | 00505nam a22001697a 4500 | ||
|---|---|---|---|
| 999 |
_c11352 _d11352 |
||
| 003 | AR-CdUCM | ||
| 008 | 190403b ||||| |||| 00| 0 spa d | ||
| 040 |
_aMUNICIPALIDAD PROVINCIAL DEL CUSCO _cBIBLIOTECA MUNICIPAL DEL CUSCO |
||
| 082 |
_a891.73 / _bE73 / 1933 |
||
| 100 |
_aErenburg, Ilia _928679 |
||
| 245 | _aEl pan nuestro / | ||
| 260 |
_aBuenos Aires : _bLas grandes obras, _c1933. |
||
| 300 |
_a121 páginas ; _c19 cm. |
||
| 650 |
_aNovela Argentina. _99108 |
||
| 942 |
_2ddc _cLIBROS |
||
| 945 | _awfj | ||